000 00425nam a22001697a 4500
005 20180201150449.0
008 160523b xxu||||| |||| 00| 0 eng d
020 _a978-0-07-014160-5
041 _aeng
082 _b4384
_a004
100 _aBalagurusamy, E
_9165
245 _aFundamentals of Computers
260 _aNew Delhi
_bAcademic Faundation
300 _a459
650 _aInformation Technology
_9137
942 _cBK
999 _c1466
_d1466